Discursos pronunciados en la sesión aniversario sesto [sic] celebrada el 9 de noviembre de 1851 / (Record no. 51152)

MARC details
000 -LEADER
campo de control de longitud fija 01189nam a2200241 i 4500
001 - NÚMERO DE CONTROL
campo de control 51152
003 - IDENTIFICADOR DE NÚMERO DE CONTROL
campo de control ES-MaACL
005 - FECHA Y HORA DE LA ÚLTIMA TRANSACCIÓN
campo de control 20250806085402.0
008 - DATOS DE LONGITUD FIJA--INFORMACIÓN GENERAL
campo de control de longitud fija 221124s1851 sp 000 0 spa
080 ## - NÚMERO DE LA CLASIFICACIÓN DECIMAL UNIVERSAL
Número de la Clasificación Decimal Universal 616-089
100 1# - ENTRADA PRINCIPAL--NOMBRE DE PERSONA
Nombre de persona Ruiz Jiménez, Ciriaco María.
9 (RLIN) 159236
245 10 - MENCIÓN DEL TÍTULO
Título Discursos pronunciados en la sesión aniversario sesto [sic] celebrada el 9 de noviembre de 1851 /
Mención de responsabilidad, etc. por el secretario de gobierno D. Ciriaco María Ruiz Giménez y por D. Bonifacio Montejo Robledo.
260 ## - PUBLICACIÓN, DISTRIBUCIÓN, ETC.
Lugar de publicación, distribución, etc. Madrid :
Nombre del editor, distribuidor, etc. Academia Quirúrgica Matritense,
Fecha de publicación, distribución, etc. 1851 (
Fabricante Imp. de la Sociedad Tipográfica-Editorial)
300 ## - DESCRIPCIÓN FÍSICA
Extensión 50 p. ;
Dimensiones 21 cm.
505 8# - NOTA DE CONTENIDO CON FORMATO
Nota de contenido con formato Contiene: Catálogo... alfabético de los señores socios... Catálogo de las obras de que consta la Biblioteca . Catálogo de los ejemplares que existen en el Gabinete.
594 ## - Nota al título y mención de responsabilidad
Nota al título y mención de responsabilidad Tít. del discurso de Bonifacio Montejo Robledo: Del error en cirujía [sic], p. [11]-28
610 24 - PUNTO DE ACCESO ADICIONAL DE MATERIA--NOMBRE DE ENTIDAD CORPORATIVA
Nombre de entidad corporativa o nombre de jurisdicción como elemento de entrada Academia Quirúrgica Matritense.
9 (RLIN) 175870
650 #7 - PUNTO DE ACCESO ADICIONAL DE MATERIA--TÉRMINO DE MATERIA
Término de materia o nombre geográfico como elemento de entrada Cirugía
Fuente del encabezamiento o término embne
9 (RLIN) 11050
700 1# - ENTRADA AGREGADA--NOMBRE PERSONAL
Nombre de persona Montejo y Robledo, Bonifacio.
9 (RLIN) 130087
710 2# - ENTRADA AGREGADA--NOMBRE DE ENTIDAD CORPORATIVA
Nombre de entidad corporativa o nombre de jurisdicción como elemento de entrada Academia Quirúrgica Matritense.
9 (RLIN) 175870
852 4# - LOCALIZACIÓN
Ubicación ES-MaACL
Número de control de estantería T-34-F-7
Holdings
Estatus retirado Estado de pérdida Estado de daño No para préstamo Colección Biblioteca de origen Biblioteca actual Ubicación en estantería Fecha de adquisición Fuente de adquisición Total de préstamos Signatura topográfica completa Código de barras Visto por última vez Precio de reemplazo Tipo de ítem Koha
        Colección de folletos Biblioteca del Ateneo de Madrid Biblioteca del Ateneo de Madrid Depósito folletos 24/11/2022     T-34-F-7 1204775 23/02/2023 23/02/2023 Folleto